| 000 | 01130cam a2200373 a 4500 | ||
|---|---|---|---|
| 001 | 2712 | ||
| 003 | FISKH | ||
| 005 | 20240110153309.0 | ||
| 008 | 100226s2009 nyua 001 0beng | ||
| 010 | _a 2008909717 | ||
| 015 |
_aGBA936803 _2bnb |
||
| 016 | 7 | _a015109555 | |
| 020 | _a9781603200639 (hbk.) | ||
| 020 | _a9780545437462 | ||
| 020 | _a1603200630 (hbk.) | ||
| 035 | _a(OCoLC)ocn318673131 | ||
| 040 |
_aUKM _cUKM _dAKF _dORX _dWIM _dDLC _beng |
||
| 042 | _alccopycat | ||
| 050 | 0 | 0 |
_aE457 _b.A1616 2009 |
| 082 | 0 | 4 |
_a973.7092 _aB _222 |
| 100 | _aColbert, David | ||
| 245 | 0 | 0 |
_aAbraham Lincoln : _b10 Days / |
| 250 | _aFirst Scholastic printing, January 2012 | ||
| 260 |
_aNew York : _bScholastic, _c2009. |
||
| 300 |
_a154 pages : _billustrations ; _c20 cm |
||
| 500 | _aIncludes index. | ||
| 520 | _aFocuses on ten crucial days in the life of Abraham Lincoln. | ||
| 600 | 1 | 0 |
_aLincoln, Abraham, _d1809-1865. |
| 600 | 1 | 0 |
_aLincoln, Abraham, _d1809-1865 _vPictorial works. |
| 700 | 1 | _aKnauer, Kelly. | |
| 710 | 2 | _aTime, inc. | |
| 906 |
_a7 _bcbc _ccopycat _d2 _encip _f20 _gy-gencatlg |
||
| 942 |
_2ddc _cBK _n0 |
||
| 999 |
_c2712 _d2712 |
||